00617nam a2200217Ia 4500003000400000005001700004008004100021020001500062040001800077041000800095082002300103100002100126245005200147250001200199260006600211300002700277650002800304650003000332650002000362700001700382OSt20241025113118.0210716s2002 xx 000 0 und d a0070499209 cAIMIT LIBRARY aeng a005.1332 21bWRIC aWright, Charles. aC#: btips and techniques /cBy Charles Wright. a1st ed. aNew Delhi :bTata McGraw Hill Publishing Company Ltd ;c2002. axx,638p. ;bPBc23 cm. aLaying a c#fundamentals aWindows programming in c# aFile operations aJamsa, Kris.